000
00269nam a22001097a 4500
008
160512b xxu||||| |||| 00| 0 eng d
020
_a
9789994392025
041
_a
eng
080
_a
612.39
245
_a
Higjiena e mishit dhe e thertoreve:
_c
Bizena Bijo;
942
_2
udc
_c
BK
999
_c
2083
_d
2083